Noble Houses of Westeros - Statistics

General Stats
  • This quiz has been taken 285 times
  • The average score is 12 of 13
Answer Stats
Hint Name Seat Sigil Words % Correct
Lords Paramount of the Westerlands Lannister Casterly Rock Lion Hear Me Roar
100%
Lords Paramount of the North Stark Winterfell Direwolf Winter is Coming
100%
Current Royal House and Lords Paramount of the Stormlands Baratheon Storm's End Stag Ours is the Fury
99%
Lords Paramount of the Reach Tyrell Highgarden Rose Growing Strong
98%
Lords Paramount of the Iron Islands Greyjoy Pyke Kraken We do not sow
96%
Exiled Royal House Targaryen Dragonstone Dragon Fire and Blood
96%
Lords Paramount of Dorne Martell Sunspear Sun and Spear Unbowed unbent unbroken
95%
Lords Paramount of the Vale Arryn Eyrie Falcon and Moon As High as Honour
94%
Noble House of the North Bolton Dreadfort Flayed Man Our blades are sharp
94%
Lords Paramount of the Riverlands Tully Riverrun Fish Family Duty Honour
94%
Noble House of the North Mormont Bear Island Bear here we stand
92%
Noble House of the North Karstark Karhold Sunburst the sun of winter
89%
Noble House of the Reach Tarly Horn Hill Striding Huntsman first in battle
77%
No matching quizzes found
Score Distribution
Percent of People with Each Score
Percentile by Number Answered
Your Score History
You have not taken this quiz